[Event "ODJM B 2016"]
[Site "Willingen GER"]
[Date "2016.05.16"]
[Round "3"]
[White "Arnold, Leander"]
[Black "Roth, Ludwig"]
[Result "0-1"]
[Termination "normal"]
[Board "1"]
[WhiteElo "1618"]
[BlackElo "1291"]
[PlyCount "78"]
[WhiteFideId "12990230"]
[BlackFideId "12952621"]
[EventCountry "GER"]
[EventRounds "9"]
[EventType "swiss"]
[EventDate "2016.05.14"]

1. d4 Nf6 2. e3 g6 3. Bd3 Bg7 4. Nf3 d6 5. c3 O-O 6. Nbd2 Nbd7 7. Nf1 e5 8. Ng3
Ne8 9. e4 Nb6 10. Bg5 f6 11. Bc1 f5 12. dxe5 dxe5 13. Bc4+ Nxc4 14. Qxd8 Ncd6
15. Qh4 f4 16. Ne2 Nxe4 17. g4 N8f6 18. Nxe5 Re8 19. Bxf4 g5 20. Bxg5 Rxe5 21.
Bxf6 Bxf6 22. Qh3 Ng5 23. Qd3 Bxg4 24. h3 Bxe2 25. Qxe2 Nf3+ 26. Kf1 Rxe2 27.
Kxe2 Ne5 28. Kd2 Rd8+ 29. Kc2 Nf3 30. Rad1 Re8 31. Kb1 Re2 32. Rhf1 Nd2+ 33.
Rxd2 Rxd2 34. Kc1 Re2 35. f4 Re3 36. Rd1 Be7 37. Rf1 Rxh3 38. f5 Kf7 39. Rf4
Bg5 0-1

[Event "ODJM B 2016"]
[Site "Willingen GER"]
[Date "2016.05.16"]
[Round "3"]
[White "Grone, Lion"]
[Black "Müller, Marvin"]
[Result "0-1"]
[Termination "normal"]
[Board "3"]
[WhiteElo "1392"]
[BlackElo "1480"]
[PlyCount "106"]
[WhiteFideId "16245032"]
[BlackFideId "16214528"]
[EventCountry "GER"]
[EventRounds "9"]
[EventType "swiss"]
[EventDate "2016.05.14"]

1. e4 c5 2. Nf3 e6 3. d4 cxd4 4. Nxd4 a6 5. Be3 Qc7 6. c4 Nf6 7. Bd3 d5 8. cxd5
exd5 9. exd5 Nxd5 10. Bd2 Bc5 11. Ne2 b5 12. O-O O-O 13. Nbc3 Nf6 14. Qc2 Bb7
15. Ng3 Nbd7 16. Nce4 Qc6 17. Bg5 Ng4 18. Kh1 h6 19. f3 Nge5 20. Bd2 Nxd3 21.
Qxd3 Ne5 22. Qc2 Rac8 23. Rac1 Bb6 24. Qb1 Qd7 25. Bb4 Rfd8 26. Rxc8 Bxc8 27.
Bc5 Bc7 28. b3 Bb7 29. Bg1 Ba8 30. Nc5 Qc6 31. Be3 Ng4 32. Bg1 Rd5 33. Rc1 Bxg3
34. hxg3 Rh5+ 35. Bh2 Nxh2 36. Kg1 Rxc5 37. Rxc5 Nxf3+ 38. gxf3 Qxc5+ 39. Kg2
Qd5 40. Qf1 Qd2+ 41. Kh3 Bd5 42. Qg2 Qxg2+ 43. Kxg2 f6 44. Kf2 Kf7 45. Ke3 Ke6
46. f4 f5 47. Kd4 Kd6 48. Kd3 a5 49. Kd4 Be4 50. a3 Bd5 51. b4 axb4 52. axb4
Bc6 53. Kd3 Kd5 0-1

[Event "ODJM B 2016"]
[Site "Willingen GER"]
[Date "2016.05.16"]
[Round "3"]
[White "Zeng, Xiaoyang-Alex"]
[Black "Wu, Erik"]
[Result "0-1"]
[Termination "normal"]
[Board "4"]
[WhiteElo "1357"]
[BlackElo "1462"]
[PlyCount "120"]
[BlackFideId "12977489"]
[EventCountry "GER"]
[EventRounds "9"]
[EventType "swiss"]
[EventDate "2016.05.14"]

1. d4 Nf6 2. c4 e6 3. Nf3 Bb4+ 4. Nc3 c5 5. Bg5 h6 6. Bh4 g5 7. Bg3 Ne4 8. Rc1
Qa5 9. Qb3 g4 10. Nd2 Nxd2 11. Kxd2 cxd4 12. a3 dxc3+ 13. bxc3 Be7 14. e3 Qxa3
15. Qxa3 Bxa3 16. Ra1 Bc5 17. Be2 h5 18. h3 Rg8 19. hxg4 hxg4 20. Rh5 b6 21.
Rh4 f5 22. f3 gxf3 23. Bxf3 Nc6 24. Bf4 e5 25. Bxe5 Bb7 26. Bf6 Be7 27. Bxe7
Kxe7 28. Rh7+ Kd6 29. Rd1 Kc7 30. Kc2 Ne5 31. Bxb7 Kxb7 32. Rd5 Rae8 33. Kb3
Rxg2 34. Rh5 Re2 35. Rxf5 Rxe3 36. Rg5 a5 37. Rh5 Re4 38. Rg5 Kc6 39. Rd4 Nf3
40. Rg6+ R8e6 41. Rxe4 Rxg6 42. Rf4 Ne5 43. Rd4 Rg4 44. Rxg4 Nxg4 45. Ka4 Ne5
46. Kb3 Kc5 47. Ka3 Nxc4+ 48. Kb3 b5 49. Kc2 a4 50. Kd3 a3 51. Kc2 a2 52. Kb3
a1=Q 53. Kc2 Qb2+ 54. Kd3 Qd2+ 55. Ke4 Qe3+ 56. Kf5 Qe5+ 57. Kg4 Qf6 58. Kg3
Ne3 59. Kh3 Qg5 60. Kh2 Qg2# 0-1

[Event "ODJM B 2016"]
[Site "Willingen GER"]
[Date "2016.05.16"]
[Round "3"]
[White "Fromm, Marius"]
[Black "Götz, Timon"]
[Result "1-0"]
[Termination "normal"]
[Board "5"]
[WhiteElo "1596"]
[BlackElo "1268"]
[PlyCount "107"]
[WhiteFideId "12993190"]
[BlackFideId "16245040"]
[EventCountry "GER"]
[EventRounds "9"]
[EventType "swiss"]
[EventDate "2016.05.14"]

1. f4 c5 2. Nf3 Nc6 3. e3 Nf6 4. b3 g6 5. Bb2 Bg7 6. Be2 d6 7. O-O a6 8. d3 b5
9. d4 cxd4 10. Nxd4 Nxd4 11. Bxd4 O-O 12. Bf3 d5 13. c4 Bb7 14. Nc3 e6 15. cxb5
Ne4 16. Bxg7 Kxg7 17. Qd4+ f6 18. Be2 axb5 19. Nxb5 Ba6 20. Nc3 Nxc3 21. Bxa6
Rxa6 22. Qxc3 Qb6 23. Rfc1 Rf7 24. Qc5 Qd8 25. a4 Rb6 26. b4 Rd7 27. Rd1 Rbd6
28. Rd2 d4 29. Rad1 Rd5 30. Rxd4 Rxd4 31. Rxd4 Rd5 32. Rxd5 exd5 33. a5 Qe8 34.
b5 d4 35. Qxd4 Qxb5 36. Qa7+ Kh6 37. h3 Qb1+ 38. Kh2 Qe4 39. Qb6 g5 40. Qxf6+
Qg6 41. Qxg6+ hxg6 42. a6 gxf4 43. exf4 Kg7 44. a7 Kf6 45. a8=Q Kf5 46. Qd5+
Kxf4 47. g3+ Ke3 48. Qc4 Kf3 49. Qd3+ Kf2 50. g4 g5 51. Qe4 Kf1 52. Qc2 Ke1 53.
Kg3 Kf1 54. Qf2# 1-0

[Event "ODJM B 2016"]
[Site "Willingen GER"]
[Date "2016.05.16"]
[Round "3"]
[White "Rapp, Lukas"]
[Black "Reichel, Sara"]
[Result "1-0"]
[Termination "normal"]
[Board "6"]
[WhiteElo "1572"]
[BlackElo "940"]
[PlyCount "85"]
[WhiteFideId "12989320"]
[BlackFideId "16245130"]
[EventCountry "GER"]
[EventRounds "9"]
[EventType "swiss"]
[EventDate "2016.05.14"]

1. e4 c5 2. Nf3 Nc6 3. d4 cxd4 4. Nxd4 g6 5. c4 Bg7 6. Be3 Nf6 7. Nc3 Ng4 8.
Nxc6 dxc6 9. Qxd8+ Kxd8 10. Bd2 Be6 11. Be2 Ne5 12. Rd1 Ke8 13. b3 f6 14. Na4
b6 15. O-O Kf7 16. f4 Bg4 17. Bxg4 Nxg4 18. h3 Nh6 19. g4 Ke8 20. Bc3 Nf7 21.
c5 b5 22. Nb2 Nd8 23. f5 g5 24. Rd3 Nb7 25. b4 Kf7 26. Rd7 Rab8 27. Rfd1 Rhd8
28. Kg2 Kf8 29. Rxb7 Ra8 30. Rbd7 Ke8 31. Rxd8+ Rxd8 32. Rxd8+ Kxd8 33. Nd3 Kd7
34. e5 Kc7 35. Kf3 Kd8 36. Ke4 Kc8 37. Ne1 Kd7 38. Nc2 Kc7 39. exf6 exf6 40.
Nd4 Bh8 41. Ne6+ Kd7 42. Nxg5 Ke8 43. Nxh7 1-0

[Event "ODJM B 2016"]
[Site "Willingen GER"]
[Date "2016.05.16"]
[Round "3"]
[White "Schiewe, Nadin"]
[Black "Leimbach, Tim Vincent"]
[Result "1/2-1/2"]
[Termination "normal"]
[Board "7"]
[WhiteElo "1292"]
[BlackElo "1640"]
[PlyCount "46"]
[WhiteFideId "16209079"]
[BlackFideId "12988600"]
[EventCountry "GER"]
[EventRounds "9"]
[EventType "swiss"]
[EventDate "2016.05.14"]

1. d4 Nf6 2. Nf3 e6 3. e3 b6 4. Bd3 c5 5. b3 Ba6 6. Bb2 Bxd3 7. Qxd3 Be7 8. O-O
O-O 9. Nbd2 d5 10. Ne5 Qc7 11. f4 Nbd7 12. Rf3 Rfc8 13. c4 cxd4 14. exd4 Qb7
15. Rh3 g6 16. Ndf3 Nf8 17. Ng5 dxc4 18. bxc4 Nh5 19. Rf1 f6 20. Nxh7 fxe5 21.
Nxf8 e4 22. Qc3 Bxf8 23. g4 Ng7 1/2-1/2

[Event "ODJM B 2016"]
[Site "Willingen GER"]
[Date "2016.05.16"]
[Round "3"]
[White "Winterberg, Martin"]
[Black "Oberhofer, Marie"]
[Result "0-1"]
[Termination "normal"]
[Board "8"]
[WhiteElo "1046"]
[BlackElo "1601"]
[PlyCount "72"]
[WhiteFideId "16245091"]
[BlackFideId "12938165"]
[EventCountry "GER"]
[EventRounds "9"]
[EventType "swiss"]
[EventDate "2016.05.14"]

1. e4 c5 2. Nf3 d6 3. d4 cxd4 4. Nxd4 Nf6 5. Nc3 g6 6. Nd5 Nxd5 7. exd5 Bg7 8.
Bb5+ Bd7 9. O-O O-O 10. Re1 a6 11. Bxd7 Nxd7 12. Bg5 Re8 13. Qd2 Rc8 14. Re2
Nf6 15. Nf3 Qb6 16. Rae1 Qxb2 17. Rxe7 Rxe7 18. Rxe7 Rxc2 19. Bxf6 Bxf6 20.
Re8+ Kg7 21. Qe3 Qc1+ 22. Qxc1 Rxc1+ 23. Ne1 Bc3 24. Kf1 Rxe1+ 25. Rxe1 Bxe1
26. Kxe1 Kf6 27. f4 Kf5 28. Ke2 Ke4 29. g4 Kxf4 30. Kd3 Kxg4 31. Ke4 f6 32. a4
Kh3 33. Kf4 Kxh2 34. Kg4 Kg2 35. a5 h5+ 36. Kf4 h4 0-1

[Event "ODJM B 2016"]
[Site "Willingen GER"]
[Date "2016.05.16"]
[Round "3"]
[White "Reyher, Susan"]
[Black "Ponomarev, Maximilian"]
[Result "1-0"]
[Termination "normal"]
[Board "9"]
[WhiteElo "1761"]
[BlackElo "1554"]
[PlyCount "117"]
[WhiteFideId "24686107"]
[BlackFideId "16216768"]
[EventCountry "GER"]
[EventRounds "9"]
[EventType "swiss"]
[EventDate "2016.05.14"]

1. e4 c5 2. Nf3 e6 3. d4 cxd4 4. Nxd4 a6 5. Be3 Qc7 6. Be2 Nf6 7. f3 Bc5 8. Qd2
d6 9. a3 O-O 10. Nc3 b5 11. Nb3 Bxe3 12. Qxe3 Nbd7 13. O-O Bb7 14. Kh1 Nc5 15.
e5 Nfd7 16. exd6 Qxd6 17. Rad1 Qc7 18. Nd4 Rfc8 19. b4 Na4 20. Nxa4 bxa4 21. c4
Nf6 22. Rc1 Rd8 23. Rfd1 Rd7 24. Rd2 Rad8 25. Rcd1 h6 26. Nc2 Qc6 27. Rxd7 Rxd7
28. Rxd7 Qxd7 29. Nd4 Kf8 30. Qe5 Qd8 31. Bd1 Qc8 32. Qd6+ Kg8 33. c5 Ne8 34.
Qe5 Bc6 35. Nxc6 Qxc6 36. Qe4 Qb5 37. Kg1 a5 38. Be2 Qb8 39. b5 Qc7 40. c6 Qb6+
41. Kf1 Qc7 42. g3 Qb6 43. Qxa4 Nc7 44. Qc4 Nd5 45. Qd3 Qc5 46. Bd1 Qb6 47. Bb3
Nf6 48. a4 Kf8 49. Qd6+ Ke8 50. Ke2 h5 51. h4 Qd8 52. Qc5 Qc7 53. Kf2 Qd8 54.
Qc3 Qb6+ 55. Kg2 Qc7 56. Qc5 g6 57. b6 Qc8 58. c7 Nd7 59. Qc6 1-0

[Event "ODJM B 2016"]
[Site "Willingen GER"]
[Date "2016.05.16"]
[Round "3"]
[White "Lilienthal, Niels Bennett"]
[Black "Frank, Carolin"]
[Result "1/2-1/2"]
[Termination "normal"]
[Board "11"]
[WhiteElo "1558"]
[BlackElo "1407"]
[PlyCount "99"]
[WhiteFideId "16205421"]
[BlackFideId "16207190"]
[EventCountry "GER"]
[EventRounds "9"]
[EventType "swiss"]
[EventDate "2016.05.14"]

1. d4 Nf6 2. e3 g6 3. Bd3 Bg7 4. Nf3 d6 5. Nbd2 O-O 6. O-O c5 7. c3 Nc6 8. e4
cxd4 9. cxd4 Nb4 10. Nb3 Nxd3 11. Qxd3 d5 12. e5 Ne4 13. Ng5 Bf5 14. Qb5 b6 15.
Nxe4 Bxe4 16. Bg5 Rc8 17. Rac1 Rc7 18. Rxc7 Qxc7 19. f3 Qc4 20. Qxc4 dxc4 21.
fxe4 cxb3 22. axb3 Rd8 23. Rd1 Bxe5 24. Bxe7 Rxd4 25. Rxd4 Bxd4+ 26. Kf1 Bxb2
27. Ke2 f6 28. Kd3 b5 29. Bc5 a6 30. Bd4 Bxd4 31. Kxd4 a5 32. Kc5 a4 33. bxa4
bxa4 34. Kb4 Kf7 35. Kxa4 Ke6 36. Kb3 Ke5 37. Kc3 Kxe4 38. Kd2 h5 39. Ke2 g5
40. Kf2 h4 41. Ke2 Kf4 42. Kf2 f5 43. g3+ hxg3+ 44. hxg3+ Kg4 45. Kg2 f4 46.
gxf4 Kxf4 47. Kf2 g4 48. Kg2 g3 49. Kg1 Kf3 50. Kf1 1/2-1/2

[Event "ODJM B 2016"]
[Site "Willingen GER"]
[Date "2016.05.16"]
[Round "3"]
[White "Grey, Andrea"]
[Black "Von Jan, Lena"]
[Result "1/2-1/2"]
[Termination "normal"]
[Board "12"]
[WhiteElo "1428"]
[BlackElo "1420"]
[PlyCount "122"]
[WhiteFideId "12971880"]
[BlackFideId "12946060"]
[EventCountry "GER"]
[EventRounds "9"]
[EventType "swiss"]
[EventDate "2016.05.14"]

1. Nf3 d5 2. d4 Nf6 3. b3 Bf5 4. Bb2 e6 5. a3 Be7 6. e3 Nbd7 7. c4 c6 8. Be2
Bg6 9. O-O O-O 10. Nc3 b6 11. b4 Ne4 12. Bd3 Nxc3 13. Bxc3 dxc4 14. Bxc4 Nf6
15. Bd3 Nd5 16. Bb2 c5 17. Bxg6 hxg6 18. dxc5 bxc5 19. bxc5 Bxc5 20. Rc1 Be7
21. Qe2 Qa5 22. e4 Nf6 23. Rc3 Rab8 24. Rb1 Nxe4 25. Rc6 Nf6 26. Ra6 Qf5 27.
Rc1 Ra8 28. Bd4 Qd5 29. Rc7 Bd6 30. Rcxa7 Rxa7 31. Rxa7 Ra8 32. a4 Rxa7 33.
Bxa7 Qa5 34. Qd2 Qxa4 35. Be3 Ne4 36. Qc1 Qd7 37. Qc2 Nf6 38. h3 Nd5 39. Bd2
Qc7 40. Qa2 Qb7 41. Qc2 Qa6 42. Qc1 Qb7 43. Qa1 Bc5 44. Qc1 Qb6 45. Be1 Qc7 46.
Bd2 Qa7 47. Be1 Qa3 48. Qb1 Bb4 49. Bxb4 Qxb4 50. Qc1 Qc3 51. Qb1 Qc7 52. Qa1
Qe7 53. Qb2 Qf6 54. Qb1 Nc3 55. Qe1 Nd5 56. Qb1 Nf4 57. Qd1 Nh5 58. Qe1 Nf4 59.
Qd1 g5 60. Ne1 Nd5 61. Nc2 Qf4 1/2-1/2

[Event "ODJM B 2016"]
[Site "Willingen GER"]
[Date "2016.05.16"]
[Round "3"]
[White "Zell, Mirjam"]
[Black "von Pückler, Konstantin"]
[Result "1/2-1/2"]
[Termination "normal"]
[Board "13"]
[WhiteElo "1677"]
[BlackElo "1327"]
[PlyCount "101"]
[WhiteFideId "16208544"]
[BlackFideId "16205847"]
[EventCountry "GER"]
[EventRounds "9"]
[EventType "swiss"]
[EventDate "2016.05.14"]

1. e4 c5 2. c4 Nc6 3. Nc3 e5 4. d3 d6 5. g3 Nge7 6. Bg2 g6 7. Nge2 Bg7 8. O-O
O-O 9. a3 f5 10. f4 Bd7 11. Rb1 a5 12. Bd2 h6 13. Nd5 Nxd5 14. cxd5 Ne7 15. b4
axb4 16. axb4 b6 17. bxc5 bxc5 18. Qc1 Kh7 19. fxe5 dxe5 20. Qxc5 Rc8 21. Qa3
Ra8 22. Qc1 Rc8 23. Qd1 g5 24. Bb4 f4 25. h3 Ra8 26. g4 Qb6+ 27. Kh2 Qf6 28.
Bf3 Rf7 29. Ra1 Rxa1 30. Qxa1 Ng6 31. Bc3 Bb5 32. Qd1 Qa6 33. Rf2 Bxd3 34. Nc1
Bb5 35. Be2 Bxe2 36. Qxe2 Qa3 37. Qb2 Qd6 38. Qb4 Qf6 39. Nd3 Qa6 40. Nc5 Qf6
41. Ne6 Nf8 42. Nxg7 Kxg7 43. Qc5 Nd7 44. Qc6 Kg6 45. Qxf6+ Rxf6 46. Kg2 Rb6
47. Rb2 Rd6 48. Ra2 Rb6 49. Rb2 Rf6 50. Kf3 Ra6 51. Kf2 1/2-1/2

[Event "ODJM B 2016"]
[Site "Willingen GER"]
[Date "2016.05.16"]
[Round "3"]
[White "Borgmann, Simon"]
[Black "Rachor, Felix"]
[Result "0-1"]
[Termination "normal"]
[Board "14"]
[WhiteElo "1318"]
[BlackElo "1580"]
[PlyCount "62"]
[WhiteFideId "16234677"]
[BlackFideId "16200209"]
[EventCountry "GER"]
[EventRounds "9"]
[EventType "swiss"]
[EventDate "2016.05.14"]

1. e4 c5 2. Nf3 d6 3. d4 cxd4 4. Nxd4 Nf6 5. Nc3 e6 6. Nf3 a6 7. e5 dxe5 8.
Qxd8+ Kxd8 9. Nxe5 Ke8 10. Be2 Bb4 11. Bd2 Nbd7 12. Nxd7 Bxd7 13. a3 Ba5 14.
Ne4 Bxd2+ 15. Nxd2 Rc8 16. Nc4 Ke7 17. c3 Nd5 18. g3 Bb5 19. Nd2 Bc6 20. Bf3
Rhd8 21. O-O Nxc3 22. Bxc6 Rxc6 23. bxc3 Rxd2 24. Rfc1 Rd3 25. Rab1 b5 26. Rb3
Rc5 27. Kf1 Re5 28. Re1 Rf5 29. Re2 a5 30. Reb2 a4 31. Rxb5 Rxb5 0-1

[Event "ODJM B 2016"]
[Site "Willingen GER"]
[Date "2016.05.16"]
[Round "3"]
[White "Ziegenfuß, Larissa"]
[Black "Giede, Anna-Blume"]
[Result "1/2-1/2"]
[Termination "normal"]
[Board "16"]
[WhiteElo "1526"]
[BlackElo "1506"]
[PlyCount "76"]
[WhiteFideId "12974722"]
[BlackFideId "12921980"]
[EventCountry "GER"]
[EventRounds "9"]
[EventType "swiss"]
[EventDate "2016.05.14"]

1. e4 c6 2. d4 d5 3. Nc3 dxe4 4. Nxe4 Nf6 5. Nxf6+ exf6 6. Nf3 Bg4 7. Be2 Bd6
8. O-O O-O 9. b3 Qc7 10. h3 Bh5 11. Nh4 Bxe2 12. Qxe2 Nd7 13. Qg4 Kh8 14. Nf5
g6 15. Nh4 Rfe8 16. Bb2 Re7 17. Rae1 Rae8 18. Rxe7 Rxe7 19. Qf3 Kg7 20. Bc3 b6
21. Qg4 Kf8 22. Re1 Rxe1+ 23. Bxe1 c5 24. dxc5 Bxc5 25. Bd2 Qd6 26. Bh6+ Ke7
27. Qe4+ Qe6 28. Qxe6+ fxe6 29. Bc1 e5 30. Kf1 Ke6 31. Ke2 e4 32. g3 g5 33. Ng2
h6 34. Be3 Bd6 35. Kd2 f5 36. Kc3 Kd5 37. Kd2 Ne5 38. Ke2 Nf3 1/2-1/2

[Event "ODJM B 2016"]
[Site "Willingen GER"]
[Date "2016.05.16"]
[Round "3"]
[White "Haase, Dominik"]
[Black "Kreitmeier, Anika"]
[Result "1-0"]
[Termination "normal"]
[Board "17"]
[WhiteElo "1468"]
[BlackElo "1310"]
[PlyCount "53"]
[WhiteFideId "16208781"]
[BlackFideId "12991775"]
[EventCountry "GER"]
[EventRounds "9"]
[EventType "swiss"]
[EventDate "2016.05.14"]

1. d4 d5 2. c4 e6 3. Nc3 Nf6 4. cxd5 exd5 5. Bf4 Bb4 6. e3 Ne4 7. Qc2 Nd7 8.
Bd3 Ndf6 9. Nge2 O-O 10. O-O Re8 11. Nb5 Bd6 12. Bxd6 cxd6 13. Nc7 Bd7 14. Nxa8
Qxa8 15. Nf4 Bc6 16. b4 b6 17. a4 Bb7 18. Rfc1 Re7 19. a5 Qd8 20. a6 Ba8 21. b5
h6 22. Qc8 Re8 23. Qxd8 Rxd8 24. Rc7 g5 25. Ne2 Kg7 26. Rac1 Re8 27. Rc8 1-0

[Event "ODJM B 2016"]
[Site "Willingen GER"]
[Date "2016.05.16"]
[Round "3"]
[White "Bünte, Judith"]
[Black "Tran, Minh Dat"]
[Result "0-1"]
[Termination "normal"]
[Board "18"]
[WhiteElo "1468"]
[BlackElo "1258"]
[PlyCount "118"]
[WhiteFideId "16222342"]
[BlackFideId "16244702"]
[EventCountry "GER"]
[EventRounds "9"]
[EventType "swiss"]
[EventDate "2016.05.14"]

1. e4 c5 2. Nf3 d6 3. d3 g6 4. Nbd2 Bg7 5. g3 Nc6 6. c3 Bd7 7. Bg2 a6 8. O-O
Nf6 9. Re1 O-O 10. Nf1 Qc7 11. h4 Bg4 12. N1h2 Qd7 13. Nxg4 Qxg4 14. Nh2 Qxd1
15. Rxd1 e5 16. Rf1 Rad8 17. Bg5 h6 18. Be3 b6 19. Bh3 d5 20. exd5 Nxd5 21.
Rad1 Nxe3 22. fxe3 Rd6 23. e4 Rfd8 24. Rf3 c4 25. Bf1 cxd3 26. Rfxd3 Rxd3 27.
Rxd3 Rxd3 28. Bxd3 a5 29. Nf3 f6 30. Kf2 Kf7 31. Bc4+ Ke7 32. Ke2 Na7 33. b3 f5
34. Ke3 h5 35. Bd3 Bh6+ 36. Kf2 Kf6 37. Ke2 Nc8 38. c4 Nd6 39. Nd2 Bxd2 40.
Kxd2 fxe4 41. Be2 Nf5 42. g4 Ng3 43. gxh5 gxh5 44. Bd1 Kf5 45. Ke3 Nf1+ 46. Kf2
Nh2 47. Bxh5 Kf4 48. Ke2 Nf3 49. Bxf3 exf3+ 50. Kf2 e4 51. h5 Kg5 52. h6 Kxh6
53. a3 Kg6 54. b4 axb4 55. axb4 Kf6 56. c5 bxc5 57. bxc5 Ke6 58. c6 Kd6 59. c7
Kxc7 0-1

[Event "ODJM B 2016"]
[Site "Willingen GER"]
[Date "2016.05.16"]
[Round "3"]
[White "Feil, Alexander"]
[Black "Fuhrmann, Philipp"]
[Result "0-1"]
[Termination "normal"]
[Board "19"]
[WhiteElo "1371"]
[BlackElo "1459"]
[PlyCount "118"]
[WhiteFideId "4002954"]
[BlackFideId "16227557"]
[EventCountry "GER"]
[EventRounds "9"]
[EventType "swiss"]
[EventDate "2016.05.14"]

1. e4 e5 2. d4 exd4 3. c3 d5 4. exd5 Qxd5 5. cxd4 Nc6 6. Nf3 Bg4 7. Be3 O-O-O
8. Nc3 Bb4 9. Be2 Bxf3 10. Bxf3 Qc4 11. Bxc6 Bxc3+ 12. bxc3 Qxc3+ 13. Bd2 Qxc6
14. Qg4+ Kb8 15. O-O Nf6 16. Qf4 Qd6 17. Qxd6 Rxd6 18. Be3 Nd5 19. Rad1 Ra6 20.
Rd2 f6 21. Re1 Re8 22. h3 Ra3 23. Rde2 Kc8 24. Kf1 c6 25. Bc1 Rxe2 26. Rxe2 Rd3
27. Rd2 Rxd2 28. Bxd2 b6 29. Ke2 Kd7 30. Kd3 a5 31. a4 Kd6 32. Kc4 g5 33. g4
Nf4 34. Bxf4+ gxf4 35. f3 h6 36. h4 Ke6 37. h5 Kd6 38. Kd3 Kd5 39. Kc3 c5 40.
dxc5 bxc5 41. Kd3 c4+ 42. Kc3 Kc5 43. Kd2 Kb4 44. g5 fxg5 45. Kc2 Kxa4 46. Kb2
g4 47. fxg4 f3 48. g5 f2 49. gxh6 f1=Q 50. h7 Qf8 51. Kc3 Qg7+ 52. Kxc4 Qxh7
53. Kc5 Qxh5+ 54. Kb6 Qb5+ 55. Ka7 Qc6 56. Kb8 Qd7 57. Ka8 Kb5 58. Kb8 Kb6 59.
Ka8 Qb7# 0-1

[Event "ODJM B 2016"]
[Site "Willingen GER"]
[Date "2016.05.16"]
[Round "3"]
[White "Knerr, Sebastian"]
[Black "Niemann, Leon"]
[Result "1/2-1/2"]
[Termination "normal"]
[Board "20"]
[WhiteElo "1418"]
[BlackElo "1421"]
[PlyCount "54"]
[WhiteFideId "16266013"]
[BlackFideId "16218388"]
[EventCountry "GER"]
[EventRounds "9"]
[EventType "swiss"]
[EventDate "2016.05.14"]

1. c4 e6 2. g3 d5 3. cxd5 exd5 4. Bg2 c6 5. Nf3 Bg4 6. h3 Bh5 7. g4 Bg6 8. d3
Nf6 9. Ne5 Nbd7 10. Nxg6 fxg6 11. Bf4 Bc5 12. d4 Bb6 13. Nc3 O-O 14. O-O Bc7
15. Bxc7 Qxc7 16. Qb3 Kh8 17. Rac1 Rae8 18. e3 Qb8 19. Qc2 Nb6 20. b3 Nc8 21.
Na4 Nb6 22. Nc5 Rf7 23. Nd3 Nbd7 24. Rce1 Ne4 25. Bxe4 Rxe4 26. f3 Re8 27. f4
Rfe7 1/2-1/2

[Event "ODJM B 2016"]
[Site "Willingen GER"]
[Date "2016.05.16"]
[Round "3"]
[White "Kobald, Pierre"]
[Black "Leib, Amina"]
[Result "0-1"]
[Termination "normal"]
[Board "21"]
[WhiteElo "1241"]
[BlackElo "1510"]
[PlyCount "42"]
[WhiteFideId "12983659"]
[BlackFideId "12982970"]
[EventCountry "GER"]
[EventRounds "9"]
[EventType "swiss"]
[EventDate "2016.05.14"]

1. e4 e5 2. f4 exf4 3. Nf3 Be7 4. Bc4 Nc6 5. O-O d6 6. c3 Nf6 7. d3 Bg4 8. Bxf4
O-O 9. Nbd2 d5 10. e5 Nh5 11. Bxd5 Qxd5 12. Be3 Qxd3 13. Qe1 Bxf3 14. Rxf3 Qg6
15. Rh3 f5 16. Qe2 f4 17. Bf2 Rf5 18. Rf1 f3 19. Nxf3 Nf4 20. Qc4+ Kh8 21. Be3
Qxg2# 0-1

[Event "ODJM B 2016"]
[Site "Willingen GER"]
[Date "2016.05.16"]
[Round "3"]
[White "Winterberg, Johanna"]
[Black "von der Weyden, Louis"]
[Result "1-0"]
[Termination "normal"]
[Board "22"]
[WhiteElo "1755"]
[BlackElo "1387"]
[PlyCount "49"]
[WhiteFideId "12929344"]
[BlackFideId "16207050"]
[EventCountry "GER"]
[EventRounds "9"]
[EventType "swiss"]
[EventDate "2016.05.14"]

1. e4 e5 2. Bc4 Bc5 3. Nf3 Nc6 4. O-O Nf6 5. d4 Bxd4 6. Nxd4 Nxd4 7. f4 d6 8.
fxe5 dxe5 9. Bg5 Qe7 10. c3 Nc6 11. Nd2 Rf8 12. Qf3 Qc5+ 13. Kh1 Bg4 14. Qg3
Be6 15. b4 Qe7 16. Bb5 Bd7 17. Qf2 O-O-O 18. Bxc6 Bxc6 19. Qxa7 Rd6 20. a4 Rfd8
21. b5 Be8 22. Nc4 Rd3 23. Qa8+ Kd7 24. Qxb7 Rxc3 25. Qc6+ 1-0

[Event "ODJM B 2016"]
[Site "Willingen GER"]
[Date "2016.05.16"]
[Round "3"]
[White "Jacoby, Angelina"]
[Black "Caliebe, Nanke"]
[Result "1/2-1/2"]
[Termination "normal"]
[Board "23"]
[WhiteElo "1240"]
[BlackElo "1478"]
[PlyCount "116"]
[WhiteFideId "12999008"]
[BlackFideId "12980528"]
[EventCountry "GER"]
[EventRounds "9"]
[EventType "swiss"]
[EventDate "2016.05.14"]

1. d4 d5 2. Nc3 c6 3. e4 dxe4 4. Nxe4 Bf5 5. f3 e6 6. Bf4 Nf6 7. Nxf6+ Qxf6 8.
c3 Nd7 9. Bg3 Nb6 10. Bd3 Nd5 11. Bxf5 Qxf5 12. Qd2 Rd8 13. Ne2 Bd6 14. Bxd6
Rxd6 15. O-O O-O 16. Rad1 Rfd8 17. Qd3 Qg5 18. Rd2 Ne3 19. Rf2 Nf5 20. f4 Qe7
21. Ng3 Nxg3 22. Qxg3 c5 23. Qe3 Qd7 24. Qe4 b6 25. Rd1 cxd4 26. Rfd2 d3 27.
Kf2 Qb5 28. Ke3 Qc5+ 29. Kf3 Qh5+ 30. Kg3 Qb5 31. Kf3 f5 32. Qe5 Qc6+ 33. Kf2
Kf7 34. Qe3 Qc4 35. a3 Rd5 36. Kf3 Kf6 37. g3 a5 38. h4 g6 39. Kf2 Qe4 40. Qxe4
fxe4 41. Ke3 Kf5 42. b4 Rc8 43. Rc1 Rd7 44. c4 Rdc7 45. Kd4 Rd8+ 46. Ke3 e5 47.
Rf2 Rdc8 48. fxe5+ Kxe5 49. c5 bxc5 50. Rc4 Kd5 51. Rxe4 c4 52. Rd4+ Ke6 53.
Re4+ Kd6 54. Rd4+ Ke7 55. Re4+ Kd7 56. Rf7+ Kd8 57. Rf8+ Kd7 58. Rf7+ Kd8
1/2-1/2

[Event "ODJM B 2016"]
[Site "Willingen GER"]
[Date "2016.05.16"]
[Round "3"]
[White "Funke, Maximilian"]
[Black "Zwecker, Conrad"]
[Result "0-1"]
[Termination "normal"]
[Board "24"]
[WhiteElo "1190"]
[BlackElo "1430"]
[PlyCount "76"]
[WhiteFideId "16251989"]
[BlackFideId "12971391"]
[EventCountry "GER"]
[EventRounds "9"]
[EventType "swiss"]
[EventDate "2016.05.14"]

1. d4 Nf6 2. c4 g6 3. Nc3 Bg7 4. e4 d6 5. h3 O-O 6. Nf3 Nbd7 7. Bd3 e5 8. d5
Nc5 9. O-O Ne8 10. Be3 f5 11. Bxc5 dxc5 12. exf5 Bxf5 13. Bxf5 Rxf5 14. Re1 Nd6
15. Qd3 Qd7 16. g4 Rxf3 17. Qxf3 Nxc4 18. Qe2 Nd6 19. Rad1 Rf8 20. Ne4 b6 21.
Rf1 Rf4 22. Nxd6 cxd6 23. Qe3 g5 24. Rc1 e4 25. Rc4 Bd4 26. Rxd4 cxd4 27. Qxd4
Qe7 28. Re1 Kf7 29. Kh2 Qf6 30. Qxf6+ Kxf6 31. Kg2 Ke5 32. Rd1 h6 33. Rd2 Rf7
34. b4 Rc7 35. f3 e3 36. Rd3 Rc2+ 37. Kf1 Kf4 38. Ke1 Kxf3 0-1

[Event "ODJM B 2016"]
[Site "Willingen GER"]
[Date "2016.05.16"]
[Round "3"]
[White "Schulze, Lukas"]
[Black "Reuter, Marek"]
[Result "1-0"]
[Termination "normal"]
[Board "25"]
[WhiteElo "1299"]
[BlackElo "1152"]
[PlyCount "43"]
[WhiteFideId "12956856"]
[BlackFideId "16226712"]
[EventCountry "GER"]
[EventRounds "9"]
[EventType "swiss"]
[EventDate "2016.05.14"]

1. Nf3 c6 2. c4 d5 3. g3 Bf5 4. b3 Nf6 5. Bg2 e6 6. O-O Nbd7 7. Bb2 Be7 8. d4
Qc7 9. Nbd2 O-O-O 10. cxd5 exd5 11. Rc1 Rdg8 12. Ne5 Be6 13. Rc2 Ng4 14. Nxg4
Bxg4 15. Bxd5 Be6 16. Bg2 h5 17. Qc1 Bf5 18. e4 Bg6 19. h4 Kd8 20. d5 Bh7 21.
dxc6 g5 22. cxb7 1-0